[Event "Oberliga Bayern 1314"]
[Site "Bayern"]
[Date "2014.04.06"]
[Round "9.1"]
[White "Wolfsteiner, Helmut"]
[Black "Kostic, Vladimir G"]
[Result "1-0"]
[WhiteElo "2340"]
[BlackElo "2436"]
[PlyCount "136"]
[EventDate "2013.10.13"]
[EventType "team-tourn"]
[EventRounds "9"]
[EventCountry "GER"]
[SourceTitle "EXT 2015"]
[Source "ChessBase"]
[SourceDate "2014.11.20"]
[SourceVersion "1"]
[SourceVersionDate "2014.11.20"]
[SourceQuality "1"]
[WhiteTeam "Kriegshaber"]
[BlackTeam "Muenchen Suedost"]
[WhiteTeamCountry "GER"]
[BlackTeamCountry "GER"]

1. c4 e6 2. Nf3 d5 3. d4 c5 4. cxd5 exd5 5. g3 Nf6 6. Bg2 Nc6 7. 0-0 Be7 8. dxc5 Bxc5 9. Nbd2 0-0 10. Nb3 Bb6 11. Nbd4 Re8 12. Nxc6 bxc6 13. Qc2 Ba6 14. Re1 Ne4 15. e3 Qf6 16. Bd2 Re6 17. Bc3 Qe7 18. b3 Qc5 19. Rec1 Qe7 20. Bb2 Nxf2 21. Bd4 Nd3 22. Rd1 c5 23. Bxg7 Kxg7 24. Rxd3 Bxd3 25. Qxd3 Qf6 26. Rf1 Rxe3 27. Qxd5 Rd8 28. Qc4 Rc3 29. Qg4+ Kh8 30. Kh1 Rg8 31. Qe4 Qg6 32. Qe1 Rxf3 33. Bxf3 Rd8 34. Qe5+ f6 35. Qe7 Qg7 36. Qe2 Qd7 37. Be4 Qd4 38. Qf3 Re8 39. Bd5 Qe5 40. Bc4 Bd8 41. Rd1 Be7 42. Rd7 Bf8 43. Qg4 Qg5 44. Qxg5 fxg5 45. Rxa7 Bg7 46. a4 g4 47. Kg2 Bd4 48. Rf7 h5 49. Rf5 Kg7 50. Rxh5 Kg6 51. Rh4 Kg5 52. h3 gxh3+ 53. Kxh3 Re1 54. Rg4+ Kf6 55. Rg8 Ra1 56. Kg4 Bc3 57. Kf4 Re1 58. g4 Bd2+ 59. Kf3 Re3+ 60. Kf2 Re7 61. Rd8 Bc3 62. Kf3 Re1 63. Rd6+ Kg7 64. Rd5 Bb4 65. Kf4 Ra1 66. Rd7+ Kf8 67. g5 Rg1 68. Kf5 Rg2 1-0

[Event "Oberliga Bayern 1213"]
[Site "Bayern"]
[Date "2013.04.14"]
[Round "9.1"]
[White "Wolfsteiner, Helmut"]
[Black "Fedorovsky, Michael"]
[Result "0-1"]
[WhiteElo "2321"]
[BlackElo "2363"]
[PlyCount "156"]
[EventDate "2012.10.14"]
[EventType "team-tourn"]
[EventRounds "9"]
[EventCountry "GER"]
[SourceTitle "EXT 2015"]
[Source "ChessBase"]
[SourceDate "2014.11.20"]
[SourceVersion "1"]
[SourceVersionDate "2014.11.20"]
[SourceQuality "1"]
[WhiteTeam "Kriegshaber"]
[BlackTeam "Muenchen Tarrasch"]
[WhiteTeamCountry "GER"]
[BlackTeamCountry "GER"]

1. c4 e6 2. Nf3 Nf6 3. Nc3 d5 4. d4 Be7 5. Bg5 h6 6. Bh4 0-0 7. e3 Nbd7 8. Rc1 c6 9. Be2 dxc4 10. Bxc4 b5 11. Be2 Bb7 12. 0-0 a6 13. Ne5 Nxe5 14. dxe5 Nd7 15. Bg3 c5 16. Qc2 Qb6 17. Rfd1 Rad8 18. Ne4 c4 19. Rd4 Nc5 20. Nd6 Bxd6 21. exd6 Rfe8 22. b4 Nd7 23. a4 e5 24. a5 Qc6 25. Bf3 Qc8 26. Rd2 Bxf3 27. gxf3 Qc6 28. e4 g5 29. Rd5 f6 30. Qc3 Re6 31. Rcd1 Kf7 32. Kg2 Rg8 33. Kf1 Rd8 34. Ke2 Rc8 35. h4 Rg8 36. Qe3 Rc8 37. Qa7 Kg8 38. hxg5 hxg5 39. f4 exf4 40. Bxf4 gxf4 41. f3 Re5 42. Rxe5 fxe5 43. Rh1 Rf8 44. Qg1+ Kf7 45. Rh7+ Ke8 46. Qa7 Qxd6 47. Qa8+ Nb8 48. Rb7 Qd3+ 49. Ke1 Qe3+ 50. Kf1 Qxf3+ 51. Ke1 Qxe4+ 52. Kf1 Qf3+ 53. Ke1 Qc3+ 54. Kf1 Qd3+ 55. Ke1 Qb1+ 56. Kf2 Qb2+ 57. Kf1 Qc1+ 58. Kf2 Qd2+ 59. Kf1 Qd1+ 60. Kf2 Qd2+ 61. Kf1 Qd1+ 62. Kf2 Qd6 63. Rxb8+ Kf7 64. Qb7+ Ke6 65. Rxf8 Qxf8 66. Qxa6+ Qd6 67. Qxb5 Qd2+ 68. Kf1 Qd1+ 69. Kf2 Qd2+ 70. Kf1 c3 71. Qc4+ Kf5 72. a6 Qd1+ 73. Kf2 Qd2+ 74. Kf1 c2 75. Qc8+ Ke4 76. Qc4+ Ke3 77. Qc5+ Kf3 78. Qc6+ e4 0-1

[Event "Oberliga Bayern 1213"]
[Site "Bayern"]
[Date "2012.10.14"]
[Round "1.1"]
[White "Wolfsteiner, Helmut"]
[Black "Milov, Leonid"]
[Result "1/2-1/2"]
[WhiteElo "2321"]
[BlackElo "2508"]
[PlyCount "91"]
[EventDate "2012.10.14"]
[EventType "team-tourn"]
[EventRounds "9"]
[EventCountry "GER"]
[SourceTitle "EXT 2015"]
[Source "ChessBase"]
[SourceDate "2014.11.20"]
[SourceVersion "1"]
[SourceVersionDate "2014.11.20"]
[SourceQuality "1"]
[WhiteTeam "Kriegshaber"]
[BlackTeam "Nuernberg NT"]
[WhiteTeamCountry "GER"]
[BlackTeamCountry "GER"]

1. c4 f5 2. Nf3 Nf6 3. Nc3 d6 4. d4 g6 5. g3 Bg7 6. Bg2 0-0 7. 0-0 c6 8. Qc2 Na6 9. Bd2 Qc7 10. Rad1 e5 11. d5 e4 12. Ng5 h6 13. Nh3 cxd5 14. cxd5 g5 15. Rc1 Qf7 16. Rcd1 Qh5 17. Bc1 f4 18. Nxf4 gxf4 19. Bxf4 Ng4 20. h3 Ne5 21. Nxe4 Bxh3 22. Bxh3 Qxh3 23. Bxe5 Bxe5 24. Nxd6 Qg4 25. Qe4 Qxe4 26. Nxe4 b6 27. b3 Nc5 28. Nxc5 bxc5 29. Kg2 Rfe8 30. e3 a5 31. Rc1 Bd6 32. Rc4 Rab8 33. Ra4 Rb5 34. Re1 Be5 35. Rh1 Bg7 36. Rd1 Kf7 37. Rc4 Bf8 38. Rd3 Rb4 39. f4 a4 40. Rxb4 cxb4 41. bxa4 Ra8 42. Rd2 Rxa4 43. Rb2 Ra3 44. e4 Rd3 45. Rc2 h5 46. Rc7+ 1/2-1/2

[Event "Oberliga Bayern 1112"]
[Site "Bayern"]
[Date "2012.03.18"]
[Round "8.1"]
[White "Vavra, Pavel"]
[Black "Wolfsteiner, Helmut"]
[Result "1-0"]
[WhiteElo "2299"]
[BlackElo "2287"]
[PlyCount "71"]
[EventDate "2011.10.02"]
[EventType "team-tourn"]
[EventRounds "9"]
[EventCountry "GER"]
[SourceTitle "EXT 2015"]
[Source "ChessBase"]
[SourceDate "2014.11.20"]
[SourceVersion "1"]
[SourceVersionDate "2014.11.20"]
[SourceQuality "1"]
[WhiteTeam "Wuerzburg"]
[BlackTeam "Kriegshaber"]
[WhiteTeamCountry "GER"]
[BlackTeamCountry "GER"]

1. e4 c5 2. Nf3 d6 3. d4 cxd4 4. Nxd4 Nf6 5. Nc3 a6 6. Bc4 e6 7. Bb3 Nbd7 8. f4 Nc5 9. e5 Nfe4 10. Nxe4 Nxe4 11. 0-0 Be7 12. c3 0-0 13. Bc2 Nc5 14. b4 Nd7 15. exd6 Bf6 16. Be3 Nb6 17. c4 g6 18. Bb3 a5 19. a3 Bd7 20. Rc1 axb4 21. axb4 Ra3 22. b5 Na4 23. Bxa4 Rxe3 24. c5 Qa5 25. Rc4 Qa7 26. Nb3 Rc8 27. Rf3 Rxf3 28. Qxf3 Rd8 29. Qf2 Bc8 30. Nd2 Qa8 31. Ne4 Bg7 32. Qh4 Rf8 33. Nf6+ Bxf6 34. Qxf6 Qa5 35. Qc3 Qd8 36. Rd4 1-0

[Event "Augsburg Ibis 7th"]
[Site "Augsburg"]
[Date "2011.01.04"]
[Round "9"]
[White "De Francesco, Klaus"]
[Black "Wolfsteiner, Helmut"]
[Result "1/2-1/2"]
[WhiteElo "2273"]
[BlackElo "2343"]
[PlyCount "24"]
[EventDate "2010.12.27"]
[EventType "tourn"]
[EventRounds "9"]
[EventCountry "GER"]
[EventCategory "4"]
[SourceTitle "EXT 2012"]
[Source "ChessBase"]
[SourceDate "2011.11.24"]
[SourceVersion "1"]
[SourceVersionDate "2011.11.24"]
[SourceQuality "1"]

1. d4 d5 2. c4 e6 3. Nc3 Nf6 4. cxd5 exd5 5. Bg5 Be7 6. Qc2 Nbd7 7. e3 0-0 8. Bd3 Re8 9. Nf3 c6 10. 0-0 Nf8 11. Bxf6 Bxf6 12. Bf5 Bxf5 1/2-1/2

[Event "Augsburg Ibis 7th"]
[Site "Augsburg"]
[Date "2010.12.29"]
[Round "3"]
[White "Rooze, Jan"]
[Black "Wolfsteiner, Helmut"]
[Result "1/2-1/2"]
[WhiteElo "2297"]
[BlackElo "2343"]
[PlyCount "39"]
[EventDate "2010.12.27"]
[EventType "tourn"]
[EventRounds "9"]
[EventCountry "GER"]
[EventCategory "4"]
[SourceTitle "EXT 2012"]
[Source "ChessBase"]
[SourceDate "2011.11.24"]
[SourceVersion "1"]
[SourceVersionDate "2011.11.24"]
[SourceQuality "1"]

1. e4 c5 2. Nf3 e6 3. Nc3 a6 4. d4 cxd4 5. Nxd4 Qc7 6. Bd3 Nc6 7. Be3 Nf6 8. 0-0 Be7 9. Kh1 d6 10. f4 0-0 11. Qf3 Re8 12. Rae1 Bd7 13. Bg1 Rac8 14. Nxc6 Bxc6 15. Qh3 e5 16. Nd5 Bxd5 17. exd5 e4 18. Bxe4 Nxe4 19. Rxe4 Bf6 20. Rxe8+ 1/2-1/2

[Event "Landesliga Sued 1011"]
[Site "Bayern"]
[Date "2010.12.12"]
[Round "4.1"]
[White "Zill, Christoph"]
[Black "Wolfsteiner, Helmut"]
[Result "1/2-1/2"]
[WhiteElo "2221"]
[BlackElo "2316"]
[PlyCount "103"]
[EventDate "2010.10.10"]
[EventType "team-tourn"]
[EventRounds "9"]
[EventCountry "GER"]
[SourceTitle "EXT 2012"]
[Source "ChessBase"]
[SourceDate "2011.11.24"]
[SourceVersion "1"]
[SourceVersionDate "2011.11.24"]
[SourceQuality "1"]
[WhiteTeam "Freising"]
[BlackTeam "Kriegshaber"]
[WhiteTeamCountry "GER"]
[BlackTeamCountry "GER"]

1. e4 c5 2. Nf3 e6 3. d4 cxd4 4. Nxd4 a6 5. Bd3 Nf6 6. 0-0 Qc7 7. Qe2 d6 8. c4 Nbd7 9. f4 g6 10. Nc3 Bg7 11. Be3 0-0 12. Rac1 b6 13. b4 Bb7 14. f5 exf5 15. exf5 Rfe8 16. fxg6 hxg6 17. h3 Ne5 18. Qd2 Rac8 19. Nd5 Nxd5 20. cxd5 Qd7 21. Rxc8 Rxc8 22. Nc6 Nxd3 23. Qxd3 b5 24. Bd4 Bxc6 25. Bxg7 Kxg7 26. Qd4+ Kg8 27. Rf4 Qe7 28. dxc6 Qe5 29. Qxe5 dxe5 30. Rf6 Rc7 31. g4 Kf8 32. g5 Ra7 33. Kf2 a5 34. bxa5 Rxa5 35. Ke3 Rxa2 36. Ke4 Rc2 37. Kxe5 Ke7 38. Kd5 b4 39. Rf4 b3 40. Re4+ Kd8 41. Rb4 b2 42. Rb8+ Kc7 43. Rb7+ Kc8 44. Kd6 Re2 45. h4 Re6+ 46. Kd5 Re2 47. Kd4 Rc2 48. Kd5 Re2 49. Kd6 Re6+ 50. Kc5 Re2 51. Kd5 Rc2 52. Kd6 1/2-1/2

[Event "Landesliga Sued 1011"]
[Site "Bayern"]
[Date "2010.10.24"]
[Round "2.1"]
[White "Kindermann, Stefan"]
[Black "Wolfsteiner, Helmut"]
[Result "1-0"]
[WhiteElo "2475"]
[BlackElo "2316"]
[PlyCount "63"]
[EventDate "2010.10.10"]
[EventType "team-tourn"]
[EventRounds "9"]
[EventCountry "GER"]
[SourceTitle "EXT 2012"]
[Source "ChessBase"]
[SourceDate "2011.11.24"]
[SourceVersion "1"]
[SourceVersionDate "2011.11.24"]
[SourceQuality "1"]
[WhiteTeam "Muenchen Zugzwang"]
[BlackTeam "Kriegshaber"]
[WhiteTeamCountry "GER"]
[BlackTeamCountry "GER"]

1. d4 d5 2. c4 c6 3. Nf3 Nf6 4. e3 e6 5. b3 Nbd7 6. Bb2 Bb4+ 7. Nbd2 0-0 8. Bd3 dxc4 9. bxc4 c5 10. 0-0 cxd4 11. exd4 b6 12. a3 Be7 13. Qe2 Bb7 14. Ng5 Re8 15. f4 Nf8 16. Ndf3 N6d7 17. Ne4 Qc7 18. Ne5 f6 19. Nxd7 Qxd7 20. Ng3 Red8 21. Rad1 Bd6 22. Nh5 Qf7 23. f5 Re8 24. Qg4 exf5 25. Bxf5 Ng6 26. d5 Bc8 27. Bxc8 Raxc8 28. Rxf6 gxf6 29. Nxf6+ Kf8 30. Rf1 Nf4 31. Nd7+ Ke7 32. Bf6+ 1-0

[Event "Landesliga Sued 1011"]
[Site "Bayern"]
[Date "2010.10.10"]
[Round "1.1"]
[White "Maier, Alexander"]
[Black "Wolfsteiner, Helmut"]
[Result "1-0"]
[WhiteElo "2203"]
[BlackElo "2316"]
[PlyCount "25"]
[EventDate "2010.10.10"]
[EventType "team-tourn"]
[EventRounds "9"]
[EventCountry "GER"]
[SourceTitle "EXT 2012"]
[Source "ChessBase"]
[SourceDate "2011.11.24"]
[SourceVersion "1"]
[SourceVersionDate "2011.11.24"]
[SourceQuality "1"]
[WhiteTeam "Ingolstadt"]
[BlackTeam "Kriegshaber"]
[WhiteTeamCountry "GER"]
[BlackTeamCountry "GER"]

1. e4 c5 2. Nf3 e6 3. d3 g6 4. c3 Bg7 5. d4 Ne7 6. dxc5 Na6 7. Be3 0-0 8. Bd4 Bh6 9. Bxa6 bxa6 10. Bf6 Re8 11. Ne5 Qc7 12. Ng4 Bf8 13. Be5 1-0

[Event "Augsburg Ibis 6th"]
[Site "Augsburg"]
[Date "2010.01.03"]
[Round "8"]
[White "Wolfsteiner, Helmut"]
[Black "De Francesco, Klaus"]
[Result "1-0"]
[WhiteElo "2305"]
[BlackElo "2306"]
[PlyCount "137"]
[EventDate "2009.12.27"]
[EventType "tourn"]
[EventRounds "9"]
[EventCountry "GER"]
[EventCategory "5"]
[SourceTitle "EXT 2011"]
[Source "ChessBase"]
[SourceDate "2010.11.26"]
[SourceVersion "1"]
[SourceVersionDate "2010.11.26"]
[SourceQuality "1"]

1. c4 e6 2. Nf3 Nf6 3. Nc3 d5 4. d4 Be7 5. Bg5 c6 6. e3 Nbd7 7. Rc1 0-0 8. Bd3 dxc4 9. Bxc4 Nd5 10. Bxe7 Qxe7 11. 0-0 Nxc3 12. Rxc3 e5 13. dxe5 Nxe5 14. Nxe5 Qxe5 15. f4 Qe7 16. f5 Rd8 17. Qe2 Rd6 18. e4 b5 19. Bb3 a5 20. e5 a4 21. Bxf7+ Kh8 22. e6 b4 23. f6 gxf6 24. Rh3 Rd5 25. Qc2 Qc5+ 26. Qxc5 Rxc5 27. Rg3 Ba6 28. Re1 Bc4 29. Rc1 Bxe6 30. Rxc5 Bxf7 31. Rxc6 Bxa2 32. Rb6 b3 33. Rb7 Bb1 34. Rg4 Rd8 35. Rxa4 Bc2 36. g3 h5 37. Raa7 h4 38. gxh4 Rd1+ 39. Kf2 Rd2+ 40. Ke3 Rd3+ 41. Ke2 Rd8 42. Rd7 Re8+ 43. Re7 Rd8 44. Rab7 Bd1+ 45. Ke3 Bc2 46. Rf7 Kg8 47. Rxf6 Re8+ 48. Kf2 Rd8 49. Ra6 Rd2+ 50. Ke3 Rd3+ 51. Ke2 Rd8 52. Raa7 Bd3+ 53. Ke3 Bc2 54. Rd7 Re8+ 55. Kd4 Re4+ 56. Kd5 Re8 57. Kd6 Bf5 58. Rg7+ Kh8 59. Rge7 Rd8+ 60. Ke5 Bc2 61. Rab7 Kg8 62. Red7 Re8+ 63. Kd6 Bf5 64. Rg7+ Kh8 65. Rge7 Rd8+ 66. Kc7 Rc8+ 67. Kb6 Ra8 68. Kc5 Rc8+ 69. Rec7 1-0

[Event "Augsburg Ibis 6th"]
[Site "Augsburg"]
[Date "2010.01.01"]
[Round "6"]
[White "Grimberg, Boris"]
[Black "Wolfsteiner, Helmut"]
[Result "1/2-1/2"]
[WhiteElo "2369"]
[BlackElo "2305"]
[PlyCount "65"]
[EventDate "2009.12.27"]
[EventType "tourn"]
[EventRounds "9"]
[EventCountry "GER"]
[EventCategory "5"]
[SourceTitle "EXT 2011"]
[Source "ChessBase"]
[SourceDate "2010.11.26"]
[SourceVersion "1"]
[SourceVersionDate "2010.11.26"]
[SourceQuality "1"]

1. e4 c5 2. Nf3 e6 3. d4 cxd4 4. Nxd4 a6 5. Bd3 Bc5 6. Nb3 Ba7 7. Qe2 Nc6 8. Be3 Nge7 9. N1d2 0-0 10. f4 f5 11. Bxa7 Rxa7 12. 0-0-0 Nb4 13. a3 Nxd3+ 14. Qxd3 b5 15. g3 Qb6 16. Rhe1 a5 17. Qd4 Qb8 18. Kb1 a4 19. Nc1 Nc6 20. Qc3 b4 21. axb4 Nxb4 22. Nd3 Nxd3 23. Qxd3 Rb7 24. Qc3 Rb6 25. Nc4 Rb4 26. Nd6 fxe4 27. Rxe4 Rxe4 28. Nxe4 d5 29. Nc5 Qb5 30. Re1 Re8 31. Re5 Bd7 32. Rg5 g6 33. Qf6 1/2-1/2

[Event "Augsburg Ibis 6th"]
[Site "Augsburg"]
[Date "2009.12.30"]
[Round "4"]
[White "Daulyte Cornette, Deimante"]
[Black "Wolfsteiner, Helmut"]
[Result "1-0"]
[WhiteElo "2307"]
[BlackElo "2305"]
[PlyCount "63"]
[EventDate "2009.12.27"]
[EventType "tourn"]
[EventRounds "9"]
[EventCountry "GER"]
[EventCategory "5"]
[SourceTitle "EXT 2011"]
[Source "ChessBase"]
[SourceDate "2010.11.26"]
[SourceVersion "1"]
[SourceVersionDate "2010.11.26"]
[SourceQuality "1"]

1. e4 c5 2. Nf3 e6 3. d4 cxd4 4. Nxd4 a6 5. Be2 Nf6 6. Nc3 Qc7 7. 0-0 Nc6 8. Be3 d6 9. f4 Be7 10. Qe1 0-0 11. Qg3 Re8 12. Kh1 Rb8 13. e5 Nd5 14. Nf5 Bf8 15. exd6 Qd7 16. Nxd5 exd5 17. Nh6+ Kh8 18. Bg4 Re6 19. Bxe6 fxe6 20. Ng4 Bxd6 21. Ne5 Qe8 22. Nxc6 bxc6 23. Bd4 Rb7 24. Rae1 Qf7 25. Qd3 Qf8 26. Rf3 Rf7 27. Rh3 Qg8 28. Be5 Be7 29. Qg6 Rf5 30. Ree3 Bd7 31. Rxh7+ Qxh7 32. Rh3 1-0

[Event "Augsburg Ibis 6th"]
[Site "Augsburg"]
[Date "2009.12.29"]
[Round "3"]
[White "Wolfsteiner, Helmut"]
[Black "Rooze, Jan"]
[Result "0-1"]
[WhiteElo "2305"]
[BlackElo "2255"]
[PlyCount "60"]
[EventDate "2009.12.27"]
[EventType "tourn"]
[EventRounds "9"]
[EventCountry "GER"]
[EventCategory "5"]
[SourceTitle "EXT 2011"]
[Source "ChessBase"]
[SourceDate "2010.11.26"]
[SourceVersion "1"]
[SourceVersionDate "2010.11.26"]
[SourceQuality "1"]

1. c4 Nf6 2. Nc3 c5 3. Nf3 e6 4. g3 b6 5. Bg2 Bb7 6. 0-0 Be7 7. d4 cxd4 8. Qxd4 d6 9. Rd1 a6 10. Bg5 Nbd7 11. Qd2 Qc8 12. Rac1 0-0 13. Bf4 Nc5 14. Qe1 Rd8 15. Bh3 Qc6 16. Be3 Qe8 17. b4 Ncd7 18. a3 Rac8 19. Na4 Bxf3 20. Nxb6 Nxb6 21. Bxb6 Bb7 22. Bxd8 Qc6 23. f3 Rxd8 24. Qc3 Nd7 25. Kh1 h6 26. Qb3 Rc8 27. Bf1 Qb6 28. e4 Ne5 29. Re1 Qf2 30. f4 Nf3 0-1

[Event "Augsburg Ibis 6th"]
[Site "Augsburg"]
[Date "2009.12.28"]
[Round "2"]
[White "Van der Weide, Karel"]
[Black "Wolfsteiner, Helmut"]
[Result "0-1"]
[WhiteElo "2447"]
[BlackElo "2305"]
[PlyCount "100"]
[EventDate "2009.12.27"]
[EventType "tourn"]
[EventRounds "9"]
[EventCountry "GER"]
[EventCategory "5"]
[SourceTitle "EXT 2011"]
[Source "ChessBase"]
[SourceDate "2010.11.26"]
[SourceVersion "1"]
[SourceVersionDate "2010.11.26"]
[SourceQuality "1"]

1. e4 c5 2. Nf3 e6 3. d4 cxd4 4. Nxd4 a6 5. Nc3 b5 6. Bd3 Qb6 7. Nf3 Bb7 8. 0-0 d6 9. a4 b4 10. a5 Qc7 11. Na4 Nd7 12. Nb6 Nxb6 13. axb6 Qxb6 14. Be3 Qc7 15. Qe2 Qc8 16. Nd2 Nf6 17. Nc4 Nd7 18. Na5 Ne5 19. Ra4 Bc6 20. Nxc6 Nxd3 21. Na7 Qd7 22. Rxa6 Nc5 23. Bxc5 dxc5 24. Rd1 Qb7 25. Nc6 Rc8 26. Na5 Qb8 27. Nc4 Qb7 28. Nb6 c4 29. Rda1 Rc7 30. Ra8+ Ke7 31. Nxc4 g6 32. Qe3 Bh6 33. Qb6 Qxb6 34. Nxb6 Rxa8 35. Rxa8 Rxc2 36. g3 Bd2 37. Kf1 Rxb2 38. Nc4 Rb1+ 39. Ke2 Bc3 40. Ra7+ Kf8 41. Kd3 Rd1+ 42. Kc2 Rd4 43. Kb3 Rd3 44. Ra8+ Kg7 45. f4 Be1+ 46. Ka2 Rd4 47. Ne5 Rxe4 48. Ra7 Re2+ 49. Kb3 Re3+ 50. Kc2 b3+ 0-1

[Event "Landesliga Sued 0910"]
[Site "Bayern"]
[Date "2009.11.29"]
[Round "3.1"]
[White "Wolfsteiner, Helmut"]
[Black "Riediger, Martin"]
[Result "1-0"]
[WhiteElo "2313"]
[BlackElo "2214"]
[PlyCount "101"]
[EventDate "2009.10.18"]
[EventType "team-tourn"]
[EventRounds "9"]
[EventCountry "GER"]
[SourceTitle "EXT 2011"]
[Source "ChessBase"]
[SourceDate "2010.11.26"]
[SourceVersion "1"]
[SourceVersionDate "2010.11.26"]
[SourceQuality "1"]
[WhiteTeam "Kriegshaber"]
[BlackTeam "Rottal"]
[WhiteTeamCountry "GER"]
[BlackTeamCountry "GER"]

1. c4 f5 2. Nc3 Nf6 3. Nf3 d6 4. g3 g6 5. Bg2 Bg7 6. 0-0 0-0 7. Rb1 e5 8. d3 Nc6 9. b4 h6 10. b5 Ne7 11. Ba3 Be6 12. Nd2 Rb8 13. Qa4 Nc8 14. c5 Rf7 15. Nc4 b6 16. cxd6 cxd6 17. Rbc1 Rc7 18. Bc6 Kh7 19. Rfd1 h5 20. Rc2 Ng8 21. Ne3 Nf6 22. Ncd5 Nxd5 23. Bxd5 Rxc2 24. Qxc2 Bxd5 25. Nxd5 Ne7 26. Nxe7 Qxe7 27. Rc1 Rd8 28. Qb3 e4 29. Qd5 exd3 30. Qxd3 Rd7 31. Rc6 Qe6 32. Rxd6 Rxd6 33. Bxd6 Qxa2 34. Bf4 Qe6 35. Bg5 Be5 36. Qd8 Qd6 37. Qxd6 Bxd6 38. f3 Kg7 39. e4 fxe4 40. fxe4 Kf7 41. Kf2 Ke6 42. Bf4 Be7 43. h4 Bc5+ 44. Kf3 Bb4 45. Bb8 Be7 46. Bxa7 Bd8 47. Bb8 Be7 48. Bc7 Bc5 49. Kf4 Bf2 50. Kg5 Kf7 51. Kh6 1-0

[Event "Landesliga Sued 0910"]
[Site "Bayern"]
[Date "2009.11.15"]
[Round "2.2"]
[White "Wolfsteiner, Helmut"]
[Black "Grimberg, Boris"]
[Result "1/2-1/2"]
[WhiteElo "2313"]
[BlackElo "2344"]
[PlyCount "74"]
[EventDate "2009.10.18"]
[EventType "team-tourn"]
[EventRounds "9"]
[EventCountry "GER"]
[SourceTitle "EXT 2011"]
[Source "ChessBase"]
[SourceDate "2010.11.26"]
[SourceVersion "1"]
[SourceVersionDate "2010.11.26"]
[SourceQuality "1"]
[WhiteTeam "Kriegshaber"]
[BlackTeam "Haunstetten"]
[WhiteTeamCountry "GER"]
[BlackTeamCountry "GER"]

1. c4 c6 2. Nf3 d5 3. d4 Nf6 4. Nc3 a6 5. e3 b5 6. b3 Bg4 7. Be2 e6 8. 0-0 Nbd7 9. Bb2 Bd6 10. c5 Bc7 11. b4 0-0 12. a4 Qe7 13. Ne5 Bxe5 14. Bxg4 Nxg4 15. Qxg4 Bc7 16. e4 Nf6 17. Qh4 dxe4 18. Nxe4 Nd5 19. Qxe7 Nxe7 20. Rfb1 Rfd8 21. Kf1 Nd5 22. Bc1 h6 23. Bd2 Ne7 24. Bc3 f5 25. Ng3 Nd5 26. Be1 Bf4 27. Ne2 Bg5 28. Ra3 Bf6 29. Rba1 Nc7 30. axb5 cxb5 31. Bc3 Kf7 32. Ke1 Rd7 33. R3a2 g5 34. Rc1 Nd5 35. Bd2 Nc7 36. Bc3 Nd5 37. Bd2 Nc7 1/2-1/2

[Event "Regionalliga SW 0809"]
[Site "Bayern"]
[Date "2008.11.30"]
[Round "3.1"]
[White "Schreiner, Richard"]
[Black "Wolfsteiner, Helmut"]
[Result "0-1"]
[WhiteElo "2096"]
[BlackElo "2255"]
[PlyCount "134"]
[EventDate "2008.10.05"]
[EventType "team-tourn"]
[EventRounds "9"]
[EventCountry "GER"]
[SourceTitle "EXT 2020"]
[Source "ChessBase"]
[SourceDate "2019.10.17"]
[SourceVersion "1"]
[SourceVersionDate "2019.10.17"]
[SourceQuality "1"]
[WhiteTeam "Garching II"]
[BlackTeam "Kriegshaber"]
[WhiteTeamCountry "GER"]
[BlackTeamCountry "GER"]

1. d4 Nf6 2. Nc3 d5 3. Bg5 e6 4. e4 dxe4 5. Nxe4 Be7 6. Nxf6+ Bxf6 7. Bxf6 Qxf6 8. Nf3 0-0 9. Bd3 c5 10. c3 cxd4 11. Nxd4 e5 12. Ne2 Nc6 13. Qc2 h6 14. 0-0 Be6 15. Rad1 Rac8 16. Qb1 Ne7 17. Be4 Bf5 18. Ng3 Bxe4 19. Qxe4 Nc6 20. Rd7 Rb8 21. Qg4 Qg5 22. Qxg5 hxg5 23. Ne4 f6 24. Rfd1 Rbd8 25. Kf1 b6 26. Ke2 Nd4+ 27. R1xd4 exd4 28. Rxd8 Rxd8 29. c4 d3+ 30. Ke3 Kf7 31. b3 Ke7 32. h3 f5 33. Nc3 d2 34. Ke2 Ke6 35. Nd5 b5 36. Kxd2 bxc4 37. bxc4 Ke5 38. Kc3 f4 39. f3 Rd7 40. Nb4 Rc7 41. Nd3+ Kd6 42. Nf2 Re7 43. Ne4+ Kc6 44. Kc2 Re8 45. Kc3 Re5 46. Kc2 Re7 47. Kc3 Re8 48. Kc2 g4 49. hxg4 Rh8 50. Kd3 Rh2 51. Kd4 Rxg2 52. Nc3 Rd2+ 53. Ke4 Kc5 54. Kxf4 Kxc4 55. Ne4 Rxa2 56. Nd6+ Kd5 57. Nf5 Re2 58. Nxg7 a5 59. Nh5 a4 60. Kf5 Re5+ 61. Kf6 Rxh5 62. gxh5 a3 63. h6 a2 64. Kg7 a1Q+ 65. Kg8 Qf6 66. h7 Qg6+ 67. Kh8 Qf7 0-1

[Event "Augsburg Ibis 4th"]
[Site "Augsburg"]
[Date "2008.01.03"]
[Round "7"]
[White "Rozentalis, Eduardas"]
[Black "Wolfsteiner, Helmut"]
[Result "1-0"]
[WhiteElo "2581"]
[BlackElo "2306"]
[PlyCount "81"]
[EventDate "2007.12.28"]
[EventType "tourn"]
[EventRounds "9"]
[EventCountry "GER"]
[EventCategory "8"]
[SourceTitle "CBM 122 Extra"]
[Source "ChessBase"]
[SourceDate "2008.03.04"]
[SourceVersion "1"]
[SourceVersionDate "2008.03.04"]
[SourceQuality "1"]

1. e4 c5 2. c3 Nf6 3. e5 Nd5 4. Nf3 Nc6 5. d4 cxd4 6. Bc4 Nb6 7. Bb3 d5 8. exd6 e6 9. cxd4 Bxd6 10. 0-0 Nd5 11. Nc3 Nxc3 12. bxc3 0-0 13. Bc2 Ne7 14. Ng5 Ng6 15. Qh5 h6 16. Nxf7 Rxf7 17. Qxg6 Rf6 18. Qh7+ Kf7 19. f4 Qc7 20. Bd2 Bd7 21. Bb3 Bb5 22. f5 Bxf1 23. Rxf1 Rf8 24. Bxe6+ Ke8 25. Rf3 Bxh2+ 26. Kh1 Bd6 27. Be1 Qe7 28. d5 Kd8 29. c4 Kc7 30. Bg3 b6 31. Kg1 Kb8 32. Bxd6+ Qxd6 33. Qxg7 Qc5+ 34. Kh2 Qc7+ 35. Qg3 Rd8 36. Kh3 a5 37. Rb3 Qxg3+ 38. Kxg3 Kc7 39. Kf4 Rff8 40. Ke5 h5 41. Rg3 1-0

[Event "Augsburg Ibis 4th"]
[Site "Augsburg"]
[Date "2008.01.02"]
[Round "6"]
[White "Wolfsteiner, Helmut"]
[Black "Atalik, Suat"]
[Result "0-1"]
[WhiteElo "2306"]
[BlackElo "2599"]
[PlyCount "82"]
[EventDate "2007.12.28"]
[EventType "tourn"]
[EventRounds "9"]
[EventCountry "GER"]
[EventCategory "8"]
[SourceTitle "CBM 122 Extra"]
[Source "ChessBase"]
[SourceDate "2008.03.04"]
[SourceVersion "1"]
[SourceVersionDate "2008.03.04"]
[SourceQuality "1"]

1. c4 e5 2. Nc3 Nc6 3. g3 g6 4. Bg2 Bg7 5. Nf3 d6 6. d3 h6 7. 0-0 Be6 8. Rb1 Qd7 9. Re1 f5 10. Qc2 a5 11. a3 Nge7 12. b4 axb4 13. axb4 0-0 14. b5 Nd8 15. Bb2 Nf7 16. Ra1 Rab8 17. Ra7 Nc8 18. Raa1 g5 19. Nd2 c6 20. Reb1 Ne7 21. Ra7 cxb5 22. Nxb5 Rfc8 23. Ba3 d5 24. Qb3 dxc4 25. Nxc4 Nc6 26. Ra4 e4 27. Qd1 Rd8 28. Ncd6 Be5 29. Nxf7 Bxf7 30. d4 Bxd4 31. e3 Be5 32. Qxd7 Rxd7 33. Bb2 Bxb2 34. Rxb2 Rd1+ 35. Bf1 Ne5 36. Nd4 Bc4 37. Ne2 b5 38. Rab4 Ra8 39. Rxb5 Bxb5 40. Rxb5 Nf3+ 41. Kg2 Raa1 0-1